| 000 | 01123nam a22003377a 4500 | ||
|---|---|---|---|
| 003 | CHAP | ||
| 005 | 20220329132952.0 | ||
| 008 | 971013s1987 r 00010 d | ||
| 010 | _a780 | ||
| 011 | _a1752 | ||
| 035 | _a929 | ||
| 040 | _cCHAP | ||
| 082 |
_a581.1916 _bW4 |
||
| 100 | 0 | 0 |
_aWheeler, Joseph L. _9121637 |
| 245 |
_aTemperature pastures _b: their pruduction use and management |
||
| 260 |
_aNetley Australian Wool Corporation, _c1987 |
||
| 300 |
_a609 p. _b: ilus. |
||
| 500 | _a39-4 | ||
| 590 |
_aBATCH-UPD _b10 _c20130109 _lUCH01 _h2355 |
||
| 590 |
_aBATCH-UPD _b10 _c20130110 _lUCH01 _h1455 |
||
| 590 |
_aCONVERSION _b10 _c20130109 _lUCH01 _h1302 |
||
| 650 | 1 | 4 |
_aPastos. _985986 |
| 650 | 1 | 4 |
_aTemperatura _xEfecto en pastos. _9112217 |
| 700 | 0 |
_aPearson, Craig John. _986418 |
|
| 700 | 0 |
_aRobards, G. E. _997875 |
|
| 710 | 0 |
_aCommonwealth Scientific and Industrial Research Organization. _926028 |
|
| 901 | _aBK | ||
| 942 | _cLIBRO | ||
| 949 |
_a581.1916 W4 _bBC _cLIBRO _d33724000510665 _eLIBRO _gI. 151380 _h78115 _i929 _si _t272.40 |
||
| 949 |
_a581.1916 W4 _bBC _cLIBRO _d33724000510673 _eLIBRO _fc.2 _h78935 _i929 _si |
||
| 999 |
_c780 _d780 |
||